书目信息 |
| 题名: |
当代美国资产阶级哲学资料
|
|
| 作者: | ;中国社会科学院哲学研究所现代外国哲学组 编 | |
| 分册: | 第四集 | |
| 出版信息: | 北京 商务印书馆 1980 |
|
| 页数: | 409页 | |
| 开本: | 19cm | |
| 丛书名: | ||
| 单 册: | ||
| 中图分类: | B712.5 | |
| 科图分类: | ||
| 主题词: | 现代资产阶级哲学--美国--文集 | |
| 电子资源: | ||
| ISBN: | ||
| 000 | 00934nam0 2200253 450 | |
| 001 | 1536168172 | |
| 005 | 20150120101027.87 | |
| 010 | @dCNY1.00 | |
| 091 | @a2017.234 | |
| 100 | @a19971201d1980 kemy0chiy0110 ea | |
| 101 | 1 | @achi@ceng |
| 102 | @aCN@b110000 | |
| 105 | @ay z 000yy | |
| 200 | 1 | @a当代美国资产阶级哲学资料@9dang dai mei guo zi chan jie ji zhe xue zi liao@e第二次大战后美国哲学论著选译@h第四集@f中国社会科学院哲学研究所现代外国哲学组编 |
| 210 | @a北京@c商务印书馆@d1980 | |
| 215 | @a409页@d19cm | |
| 300 | @a内部发行 | |
| 517 | 1 | @a第二次大战后美国哲学论著选译@9di er ci da zhan hou mei guo zhe xue lun zhu xuan yi |
| 606 | 0 | @a现代资产阶级哲学@y美国@x文集 |
| 610 | 0 | @a资产阶级哲学 |
| 690 | @aB712.5@v5 | |
| 711 | 02 | @a中国社会科学院哲学研究所现代外国哲学组@9zhong guo she hui ke xue yuan zhe xue yan jiu suo xian dai wai guo zhe xue zu@4编 |
| 801 | 0 | @aCN@bTSSF@c20150120 |
| 905 | @aZUCC@dB712.5@eJY12:4 | |
| 当代美国资产阶级哲学资料:第二次大战后美国哲学论著选译.第四集/中国社会科学院哲学研究所现代外国哲学组编.-北京:商务印书馆,1980 |
| 409页;19cm |
| 内部发行 |
| ISBN :CNY1.00 |
| ● |
| 相关链接 |
|
|
|
|
正题名:当代美国资产阶级哲学资料
索取号:B712.5/JY12:4
 
预约/预借
| 序号 | 登录号 | 条形码 | 馆藏地/架位号 | 状态 | 备注 |
| 1 | 7836525 | 278365252 | 学院路分馆/ [索取号:B712.5/JY12:4] | 在馆 |